Clifford's really big movie (Record no. 283046)
[ view plain ]
| 000 -LEADER | |
|---|---|
| fixed length control field | 00422ngm a22001815 4500 |
| 005 - DATE AND TIME OF LATEST TRANSACTION | |
| control field | 20231122141803.0 |
| 007 - PHYSICAL DESCRIPTION FIXED FIELD--GENERAL INFORMATION | |
| fixed length control field | v |
| 008 - FIXED-LENGTH DATA ELEMENTS--GENERAL INFORMATION | |
| fixed length control field | p |
| 040 ## - CATALOGING SOURCE | |
| Description conventions | |
| 092 ## - LOCALLY ASSIGNED DEWEY CALL NUMBER (OCLC) | |
| Classification number | EDVD |
| Item number | Cli |
| 245 00 - TITLE STATEMENT | |
| Title | Clifford's really big movie |
| 264 ## - Production, Publication, Distribution, Manufacture, and Copyright Notice. | |
| Place of production, publication, distribution, manufacture | USA |
| Name of producer, publisher, distributor, manufacturer | Warner brothers |
| Date of production, publication, distribution, manufacture, or copyr | c2004 |
| 300 ## - PHYSICAL DESCRIPTION | |
| Extent | 74 min. |
| 508 ## - CREATION/PRODUCTION CREDITS NOTE | |
| Creation/production credits note | Cli |
| 521 8# - TARGET AUDIENCE NOTE | |
| Target audience note | Rated : G |
| 942 ## - ADDED ENTRY ELEMENTS (KOHA) | |
| Koha item type | DVD |
| Source of classification or shelving scheme | Dewey Decimal Classification |
| 948 ## - LOCAL PROCESSING INFORMATION (OCLC); SERIES PART DESIGNATOR (RLIN) | |
| Series part designator, SPT (RLIN) | 02/24/2014 |
| z (OCLC) | Sirsi |
| Withdrawn status | Lost status | Source of classification or shelving scheme | Damaged status | Not for loan | Collection code | Home library | Current library | Shelving location | Date acquired | Source of acquisition | Cost, normal purchase price | Total Checkouts | Total Renewals | Full call number | Barcode | Date last seen | Date checked out | Cost, replacement price | Price effective from | Koha item type |
|---|---|---|---|---|---|---|---|---|---|---|---|---|---|---|---|---|---|---|---|---|
| Dewey Decimal Classification | Children Movies | Wasatch County Library | Wasatch County Library | Audio Visual Area | 02/24/2014 | Donation | 25.00 | 67 | 11 | E DVD Cli | 34301001612045 | 06/09/2025 | 05/08/2025 | 25.00 | 03/20/2020 | DVD |
